Datum a čas kvízu
23.5
Celkem bodů
Celkový počet nahraných bodů na tomto kvízu bez doplňovacích otázek.
10.
Pořadí na kvízu
Konečné umístění týmu na tomto kvízu.
Zaznamenané odpovědi
| # | Otázka | Odpověď | Body | Výsledky |
|---|---|---|---|---|
| 1. | Jindřich Vobořil ve čtvrtek u... | Národní protidrogový koordinátor | 0 | |
| 2. | Nepříjemný závěr své cesty zaž... | olympijské hry v Paříži | 1 | |
| 3. | Minulý týden jsme se dozvěděli... | kameraman | 0 | |
| 4. | Společnost Euronet, která prov... | Janek Rubeš | 1 | |
| 5. | LeBron James pokořil ve své 21... | 40 000 bodů | 0 | |
| 6. | Napište, kterým slovem se ozna... | okostice (periost) | 0 | |
| 7. | Ve kterém kraji České republik... | v Královéhradeckém | 0 | |
| 8. | Hlavní postava seriálu Sběrate... | Booth | 1 | |
| 9. | Kterému zvířeti patří tato kos... | ptakopyskovi | 0 | |
| 10. | V září roku 2012 byla pod park... | Richard III. | 0 |